000 00276nam a22001217a 4500
008 170524b xxu||||| |||| 00| 0 eng d
041 _aeng
080 _a62
100 _a26
101 _aIM
245 _aFOSSIL ENERGY PROGRAM REPORT 1975-1976
_cWHITE,PH.C
942 _2udc
_cBK
999 _c13984
_d13984